000 00326nam a22001457a 4500
008 210426b ||||| |||| 00| 0 eng d
020 _a9781285751948
041 _aeng
080 _216th
_a615.83
082 _a615.83
100 _a8
101 _aEGZ
245 _aAn Invitation to Health
_cDianne Hales
942 _2udc
_cBK
999 _c56720
_d56720